| 000 | 00418nam a22001457a 4500 | ||
|---|---|---|---|
| 020 | _a9789385919237 | ||
| 082 | _a530.11 | ||
| 100 | _aRadwan M. Kassir | ||
| 245 | _aMathematical conflicts in the special theory of relativity | ||
| 260 |
_aNew Delhi _bViva Books _c2016 |
||
| 300 |
_a225p. _b25cm |
||
| 650 | _amathematical conflicts in the special theory of relativity | ||
| 650 | _aMathematical physics. | ||
| 942 | _cBK | ||
| 999 |
_c13588 _d13588 |
||